George Nathan Caylor papers, (Record no. 43072)

MARC details
000 -LEADER
fixed length control field 01147cpcaa2200277 4500
001 - CONTROL NUMBER
control field mm 81015438
003 - CONTROL NUMBER IDENTIFIER
control field DLC
005 - DATE AND TIME OF LATEST TRANSACTION
control field 20260227111707.0
008 - FIXED-LENGTH DATA ELEMENTS--GENERAL INFORMATION
fixed length control field 810423|||||||||||| eng
010 ## - LIBRARY OF CONGRESS CONTROL NUMBER
LC control number mm 81015438
040 ## - CATALOGING SOURCE
Original cataloging agency DLC
Transcribing agency DLC
Description conventions dacs
Modifying agency DLC
072 #7 - SUBJECT CATEGORY CODE
Subject category code L
Source lcmd
100 1# - MAIN ENTRY--PERSONAL NAME
Personal name Caylor, George Nathan,
Dates associated with a name 1885-1973.
245 00 - TITLE STATEMENT
Title George Nathan Caylor papers,
Inclusive dates 1950.
300 ## - PHYSICAL DESCRIPTION
Extent 9
Type of unit items.
300 ## - PHYSICAL DESCRIPTION
Extent 1
Type of unit container.
506 0# - RESTRICTIONS ON ACCESS NOTE
Terms governing access Open to research.
520 8# - SUMMARY, ETC.
Summary, etc. Typescript of an unpublished autobiography entitled "If My Memory Serves Me Right," and 8 short sketches or stories. Includes references to and discussions of persons and activities connected with the Socialist Party.
545 0# - BIOGRAPHICAL OR HISTORICAL DATA
Biographical or historical data Born George Nathan Cohen; businessman, labor arbitrator, and Socialist, of New York, N.Y.
546 ## - LANGUAGE NOTE
Language note Collection material in English.
610 20 - SUBJECT ADDED ENTRY--CORPORATE NAME
Corporate name or jurisdiction name as entry element Socialist Party (U.S.)
656 #7 - INDEX TERM--OCCUPATION
Occupation Businessmen.
Source of term itoamc
656 #7 - INDEX TERM--OCCUPATION
Occupation Labor arbitrators.
Source of term itoamc

No items available.

Powered by Koha